000 01100nam a22002417a 4500
005 20111207162222.0
008 111207t xxu||||| |||| 00| 0 mar d
010 _aMAR-21757
020 _c60.00
_a9788184980189
035 _aMR-14415
037 _bDBAD/PUB
040 _aDPL
_bMR
082 _a894.8143
100 _936528
_aश्रीधर
245 _aजिगर /
_cश्रीधर ; उमा कुलकर्णी द्वारा अनुवादित
246 _aJigar
_bby Shridhar
260 _aपुणे
_bमेहता पब्लिशिंग हाऊस
_c2009
270 _a1941 सदाशिव पेठ,माडीवाले कॉलनी,
_bपुणे
_e411030
300 _aसात,59पृ.
_c21सेमी(अजिल्द)
700 _aकुलकर्णी,उमा
_936870
942 _2ddc
_cMR
_mश्रीधर
_h894.8143
999 _c59344
_d59344